Mái tây = Tây Sương Ký

Guardat en:
Dades bibliogràfiques
Autor principal: Vương Thực Phủ
Format: Llibre
Idioma:Undetermined
Publicat: H. VHTT 1999
Matèries:
Etiquetes: Afegir etiqueta
Sense etiquetes, Sigues el primer a etiquetar aquest registre!
Thư viện lưu trữ: Trung tâm Học liệu Trường Đại học Cần Thơ
LEADER 00498nam a2200181Ia 4500
001 CTU_51976
008 210402s9999 xx 000 0 und d
020 |b 35000 
082 |a 895.12 
082 |b Ph500 
100 |a Vương Thực Phủ 
245 0 |a Mái tây = Tây Sương Ký 
245 0 |c Vương Thực Phủ, Nhượng Tống 
260 |a H. 
260 |b VHTT 
260 |c 1999 
650 |a chinese drama 
980 |a Trung tâm Học liệu Trường Đại học Cần Thơ